| 000 | 00848nas a2200289 4500 | ||
|---|---|---|---|
| 001 | BR0504629 | ||
| 003 | BR-BrBNA | ||
| 005 | 20231205105613.0 | ||
| 007 | ta | ||
| 008 | 230509b bl.|||p| |||| 00| 00por d | ||
| 040 |
_aBR-BrBNA _bpor _cBiblioteca Nacional de Agricultura |
||
| 041 | _a(Pt) | ||
| 072 | _aN20 | ||
| 100 | 1 | _aSilveira, G.M. da | |
| 100 | 1 | _aGonçalves, G. | |
| 245 | 1 | _aEstudo de órgãos ativos de roçadeira montada | |
| 650 | _aCAPIM BRACHIARIA | ||
| 650 | _aROÇADEIRA | ||
| 650 | _aMECANIZAÇÃO AGRÍCOLA | ||
| 650 | _aIMPLEMENTO AGRÍCOLA | ||
| 650 | _aANÁLISE COMPARATIVA | ||
| 650 | _aPERFORMANCE | ||
| 650 | _aSÃO PAULO | ||
| 773 | 0 |
_tEngenharia na Agricultura (Brazil) _xISSN 1414-3984 _g(Jan-Mar 2004), v. 12(1) p. 32-38 _wBR0504629 |
|
| 909 |
_a202311 _bLúcia _c55 _dLúcia Elande |
||
| 942 |
_2AGRIS _n0 _cANA |
||
| 999 |
_c183743 _d183743 |
||